• 首页
  • 本馆介绍
  • 公告通知
  • 最新文献
  • 馆藏检索
  • 电子资源
  • 读者导购
  • 参考咨询
  • 我的图书馆
  • 登录
  • 详细信息显示
  • 放入我的书架
  • 预约/预借图书
  • 作者相关作品
  • 分类相关作品
  • 丛书相关作品
  • 出版社相关作品

书目信息

  • 表格格式
  • 工作单格式
  • 卡片格式
题名:
电子电路测试与实验
    
 
作者: 朱定华 编著
分册:  
出版信息: 北京   清华大学出版社  2004
页数: 12,250页
开本: 26cm
丛书名:
单 册:
中图分类: TN707
科图分类:
主题词: 电子电路--测试与实验--高等学校
电子资源:
ISBN: 7-302-08285-5
000 00770nam0 2200229 45
001 002634507
005 20050413105500.8
010    @a7-302-08285-5@dCNY23.00
100    @a20040429d2004 em y0chiy0110 ea
101 0  @achi
102    @aCN@b110000
105    @ay z 000yy
200 1  @a电子电路测试与实验@Adian zi dian lu ce shi yu shi yan@f朱定华等编著@FZhu Ding Hua Deng Bian Zhu
210    @a北京@c清华大学出版社@d2004
215    @a12,250页@d26cm
300    @a高等学校教材·电子信息
330    @a该教材共分4章,包括模拟电路实验、数字逻辑电路实验、OrCAD在电子技术中的应用实验以及在系统可编程技术实验。
606 0  @a电子电路@x测试与实验@x高等学校
690    @aTN707@v4
701  0 @a朱定华@4编著
801  0 @aCN@bNLC@c20040528
905    @f5@b349075-079@dTN707@e159
    
    电子电路测试与实验/朱定华等编著.-北京:清华大学出版社,2004
    12,250页;26cm
    高等学校教材·电子信息
    
    ISBN 7-302-08285-5:CNY23.00
    该教材共分4章,包括模拟电路实验、数字逻辑电路实验、OrCAD在电子技术中的应用实验以及在系统可编程技术实验。
●
相关链接 在E读中查询图书 在五车中查询图书 在当当中查询图书 在豆瓣中查询图书


正题名:电子电路测试与实验     索取号:TN707/159         预约/预借

序号 登录号 条形码 馆藏地/架位号 状态 备注
1 0349075   203490757   第二样本阅览室/ [索取号:TN707/159] 在馆    
2 0349076   203490766   第三借阅区/ [索取号:TN707/159] 在馆    
3 0349077   203490775   第三借阅区/ [索取号:TN707/159] 在馆    
4 0349078   203490784   第三借阅区/ [索取号:TN707/159] 在馆    
5 0349079   203490793   第三借阅区/ [索取号:TN707/159] 在馆    
唐山师范学院图书馆 欢迎您!
大连网信软件有限公司© 版权所有